000 00689cam a22001697a 4500
008 180718b2004 xxu||||| |||| 00| 0 eng d
100 _aBrenton, Paul
245 _aThe initial and potential impact of preferential access to the U.S. market under the African growth and opportunity act
_cby Paul Brenton and Takako Ikezuki
260 _aWashington, D.C.
_bWorld Bank
_c2004
300 _a37p.
440 _aPolicy research working paper; no. 3262
650 _aAfrica --Commerce --United States
650 _aUnited States --Commerce --Africa
650 _aTariff --Law and legislation --United States
650 _aForeign trade regulation --United States
700 _aIkezuki, Takako
999 _c290465
_d290465